000 00718nam a22001937a 4500
005 20100812135712.0
010 _aENG-99990
020 _c50.00
035 _aEN-83522
037 _bDBAD/PUB
082 _a338.43
100 _aRajeswari, R.
_911758
245 _aAn analysis of problems faced by knitwear industry in Tirupur /
_cby R. Rajeswari
260 _aCoimbatore
_bAnnamalayar Educational Publication
_c2008
270 _a8/305, Thulasinga Nagar, Valparai Post
_bCoimbatore
_e642127
300 _a82p.
_c20cm (pbk)
942 _2ddc
_cEN
_h338.43
_mRAJ
999 _c41350
_d41350